| 000 -LEADER |
| fixed length control field |
00973cas a22002771 4500 |
| 001 - CONTROL NUMBER |
| control field |
11136520 |
| 005 - DATE AND TIME OF LATEST TRANSACTION |
| control field |
20180312081806.0 |
| 008 - FIXED-LENGTH DATA ELEMENTS--GENERAL INFORMATION |
| fixed length control field |
780116u1914uuuunyuuu 0 a1eng |
| 010 ## - LIBRARY OF CONGRESS CONTROL NUMBER |
| LC control number |
14013238 |
| 035 ## - SYSTEM CONTROL NUMBER |
| System control number |
(OCoLC)ocm03561292 |
| 040 ## - CATALOGING SOURCE |
| Original cataloging agency |
DLC |
| Language of cataloging |
eng |
| Transcribing agency |
TxDa |
| Modifying agency |
DLC |
| -- |
OCoLC |
| -- |
CaQQL |
| -- |
OCoLC |
| 041 ## - LANGUAGE CODE |
| Language code of text/sound track or separate title |
eng |
| 042 ## - AUTHENTICATION CODE |
| Authentication code |
pcc |
| 080 ## - UNIVERSAL DECIMAL CLASSIFICATION NUMBER |
| Universal Decimal Classification number |
628.8 MAD |
| 082 04 - DEWEY DECIMAL CLASSIFICATION NUMBER |
| Classification number |
628.8 MAD |
| 100 ## - Rafti |
| Rafti |
27 |
| 101 ## - Shkurtesa |
| Shkurtesa |
MEK |
| 245 00 - TITLE STATEMENT |
| Title |
Fan engineering; |
| 247 10 - FORMER TITLE |
| Title |
Engineers hand-book of tables, charts and data on the application of centrifugal fans and fan system apparatus |
| Date or sequential designation |
1st |
| 362 0# - DATES OF PUBLICATION AND/OR SEQUENTIAL DESIGNATION |
| Dates of publication and/or sequential designation |
1st- ed. |
| 530 ## - ADDITIONAL PHYSICAL FORM AVAILABLE NOTE |
| Additional physical form available note |
Also issued online. |
| 590 ## - LOCAL NOTE (RLIN) |
| Local note |
SERBIB/SERLOC merged record |
| 776 08 - ADDITIONAL PHYSICAL FORM ENTRY |
| Display text |
Online version: |
| Title |
Fan engineering |
| Record control number |
(OCoLC)572123169 |
| 906 ## - LOCAL DATA ELEMENT F, LDF (RLIN) |
| a |
7 |
| b |
cbc |
| c |
serials |
| d |
u |
| e |
ncip |
| f |
19 |
| g |
n-oclcserc |
| 942 ## - ADDED ENTRY ELEMENTS (KOHA) |
| Source of classification or shelving scheme |
|
| Item type |
Books |